[Event "8th Open"]
[Site "Chambery FRA"]
[Date "2002.08.08"]
[Round "7"]
[White "Weill,R"]
[Black "Cosma,E"]
[Result "0-1"]
[WhiteElo "2251"]
[BlackElo "2387"]

1.Nf3 d5 2.g3 Nf6 3.Bg2 e6 4.O-O Be7 5.d3 b6 6.Nbd2 Bb7 7.e4 c5 8.Re1 Nc6
9.c3 Qc7 10.a3 h6 11.b4 dxe4 12.dxe4 Rd8 13.Qc2 Ng4 14.Nb3 Nge5 15.Nxe5 Nxe5
16.Bf4 O-O 17.bxc5 Bxc5 18.Nxc5 Qxc5 19.Red1 Nc4 20.a4 e5 21.Bd2 Nxd2 22.Rxd2 Rxd2
23.Qxd2 Rc8 24.Rc1 Qa3 25.h4 Qxa4 26.Qd6 Re8 27.c4 Qc6 28.Qa3 Rc8 29.Rd1 a5
30.Qe7 Ba6 31.Bh3 Re8 32.Rd6 Qa8 33.Qd7 Bxc4 34.Rxb6 a4 35.Qc7 Qxe4 36.Qc5 Bd5
37.Kf1 a3 38.Bd7 a2  0-1

[Event "It"]
[Site "Stockholm SWE"]
[Date "2002.08.08"]
[Round "6"]
[White "Poley,V"]
[Black "Couso,L"]
[Result "1-0"]
[WhiteElo "2334"]
[BlackElo "2345"]

1.Nf3 d5 2.g3 c6 3.Bg2 Bg4 4.c4 Nf6 5.Ne5 Bf5 6.cxd5 cxd5 7.Nc3 e6 8.Qa4+ Nfd7
9.g4 Bg6 10.h4 f6 11.Nxg6 hxg6 12.d4 Nc6 13.Rh3 Qb6 14.Bxd5 exd5 15.Nxd5 Qa5+
16.Qxa5 Nxa5 17.Nc7+ Kf7 18.Nxa8 Bb4+ 19.Bd2 Bxd2+ 20.Kxd2 Rxa8 21.Rc1 b5
22.b3 Ke6 23.e4 b4 24.f4 Kd6 25.h5 Rh8 26.Rch1 g5 27.fxg5 fxg5 28.h6 g6 29.h7 Nc6
30.Kd3 Nf8 31.Rf1 Ke7 32.Rhf3 Ne6 33.Rf7+ Ke8 34.R1f6  1-0

[Event "6th HZ Open"]
[Site "Vlissingen NED"]
[Date "2002.08.08"]
[Round "6"]
[White "Stefanova,A"]
[Black "Mellegers,J"]
[Result "1-0"]
[WhiteElo "2497"]
[BlackElo "2280"]

1.Nf3 d5 2.g3 Nf6 3.Bg2 c6 4.O-O Bg4 5.d3 Nbd7 6.Qe1 e5 7.e4 dxe4 8.dxe4 Bc5
9.h3 Bh5 10.Nbd2 O-O 11.Nc4 Re8 12.a4 a5 13.Nh4 b6 14.Bg5 Qc7 15.Kh1 Rad8
16.c3 Re6 17.f4 exf4 18.gxf4 h6 19.Bxf6 Nxf6 20.e5 Ree8 21.Nf5 Nd5 22.Qg3 Bg6
23.Nxh6+ gxh6 24.f5 Kh7 25.fxg6+ fxg6 26.Be4 Re6 27.h4 h5 28.Rf5 Nf6 29.Qf3 gxf5
30.Bxf5+ Kh8 31.Bxe6 Nh7 32.Qxh5 b5 33.Rf1 Qg7 34.Nd6  1-0

[Event "XII Open"]
[Site "Pobla de Lillet ESP"]
[Date "2002.08.09"]
[Round "8"]
[White "Foisor,O"]
[Black "Abreu,A"]
[Result "1/2-1/2"]
[WhiteElo "2422"]
[BlackElo "2454"]

1.Nf3 d5 2.g3 Nf6 3.Bg2 c6 4.O-O Bg4 5.d3 Nbd7 6.Nbd2 e5 7.h3 Bh5 8.e4 dxe4
9.dxe4 Bc5 10.a4 a5 11.Qe2 O-O 12.Nb3 Bb6 13.Qc4 Re8 14.Nh4 Nf8 15.Bf3 Bxf3
16.Nxf3 Ng6 17.Kg2 h6 18.Bd2 Qe7  1/2-1/2

[Event "Ladies"]
[Site "Stockholm SWE"]
[Date "2002.08.09"]
[Round "7"]
[White "Hagesaether,E"]
[Black "Vovk,Ok"]
[Result "1/2-1/2"]
[WhiteElo "2137"]
[BlackElo "2077"]

1.Nf3 d5 2.g3 Nf6 3.Bg2 c6 4.O-O Bg4 5.d3 Nbd7 6.c4 Bxf3 7.exf3 e6 8.f4 Be7
9.Nc3 O-O 10.Re1 Nb6 11.Qe2 Bb4 12.Bd2 dxc4 13.dxc4 Na4 14.Nxa4 Qxd2 15.a3 Qxe2
16.Rxe2 Bd6 17.Rd1 Rfd8 18.Red2 Ne8 19.Nc5 Rab8 20.Nxb7 Rxb7 21.Bxc6 Rb6
22.Bxe8 Rxe8 23.Rxd6 Rxb2 24.Rd7 Rc2 25.Rc7 Rc3 26.a4 a5 27.Rdd7 Rf8 28.c5 g6
29.c6 Rc4 30.Ra7 Rxc6 31.Rxa5 Rc2 32.Raa7 Ra2 33.Kg2 h5 34.Kf3 Kg7 35.h3 Kg8
36.Ke3 Ra3+ 37.Ke4 Ra2 38.f3 Re2+ 39.Kd4 Rf2 40.Ke3 Rh2 41.h4 Rg2 42.a5 Ra2
43.Ke4 Kg7 44.g4 Kf6 45.g5+ Kg7 46.Ke5 Ra3 47.Ke4 Ra4+ 48.Ke5 Ra3 49.a6 Re3+
50.Kd6 Rxf3 51.Ke5 Re3+ 52.Kd4 Rf3 53.Ke4 Ra3 54.Rdc7  1/2-1/2

[Event "ch-GBR"]
[Site "Torquay ENG"]
[Date "2002.08.09"]
[Round "11"]
[White "Sasikiran,K"]
[Black "Wells,P"]
[Result "1-0"]
[WhiteElo "2650"]
[BlackElo "2479"]

1.Nf3 d5 2.g3 c6 3.Bg2 Bg4 4.O-O Nd7 5.d3 e6 6.Nbd2 Bd6 7.b3 Ne7 8.Bb2 O-O
9.h3 Bh5 10.e4 b5 11.c4 a5 12.d4 Bb4 13.Qc2 a4 14.Bc3 Qa5 15.Bxb4 Qxb4 16.Rfb1 axb3
17.Rxb3 Qa4 18.cxd5 cxd5 19.Qb2 Rfb8 20.exd5 Nxd5 21.Ne4 b4 22.Ne5 N7b6 23.Nc5 Qe8
24.Kh2 Na4 25.Nxa4 Rxa4 26.Nd3 Bg6 27.Nc5 Ra7 28.a4 h5 29.h4 Qd8 30.Bxd5 Qxd5
31.Rxb4 Rxb4 32.Qxb4 Qf3 33.Kg1 Kh7 34.a5 Rc7 35.a6 Bf5 36.Qb3 Qa8 37.f3 e5
38.Nb7 exd4 39.Qd5 Bg6 40.Qxd4 Rc6 41.Nc5 Qa7 42.Ne6 Rb6 43.Qxg7+  1-0

[Event "ch-GBR"]
[Site "Torquay ENG"]
[Date "2002.08.09"]
[Round "11"]
[White "Vijayalakshmi,S"]
[Black "Dhar,S"]
[Result "1-0"]
[WhiteElo "2399"]
[BlackElo "2221"]

1.Nf3 d5 2.g3 Nf6 3.Bg2 Bf5 4.O-O e6 5.d3 h6 6.Nbd2 Be7 7.b3 c5 8.Bb2 Nc6
9.e4 Bh7 10.Qe2 O-O 11.e5 Ne8 12.Ne1 Nc7 13.c3 f5 14.f4 d4 15.c4 Qe8 16.Kh1 g5
17.Nc2 a5 18.a3 Na6 19.h3 Bg6 20.Rg1 Bh5 21.g4 fxg4 22.fxg5 gxh3 23.Bf3 Rxf3
24.gxh6+ Kh8 25.Nxf3 Qf8 26.Raf1 Qf5 27.Bc1 Bxf3+ 28.Rxf3 Qxe5 29.Qf2 Rg8
30.Rxg8+ Kxg8 31.Qg1+ Kh8 32.Rg3 Qf6 33.Bg5 Qf7 34.Bd2 Bd6 35.Rxh3 b6 36.Ne1 Ne5
37.Bf4 Nb8 38.Qg5 Nbd7 39.Rg3 Ng6 40.Bxd6 Qf1+ 41.Kh2 Qxe1 42.Qxg6 Qf2+ 43.Kh3  1-0

[Event "9th Open"]
[Site "Nice FRA"]
[Date "2002.08.10"]
[Round "7"]
[White "Delchev,A"]
[Black "Sulava,N"]
[Result "0-1"]
[WhiteElo "2557"]
[BlackElo "2556"]

1.Nf3 d5 2.g3 c6 3.Bg2 Bg4 4.O-O Nd7 5.d3 e6 6.c4 Bc5 7.cxd5 cxd5 8.Qb3 Bb6
9.Nc3 Ne7 10.Na4 O-O 11.Nxb6 axb6 12.Bg5 f6 13.Bd2 Nc6 14.Be3 Kh8 15.Rfc1 Ra6
16.a3 Bh5 17.Qd1 e5 18.b4 Ra8 19.b5 Na5 20.Bd2 Nc5 21.Rab1 e4 22.Nd4 exd3
23.Bb4 dxe2 24.Nxe2 Re8 25.f3 Bg6 26.Nf4 Bxb1 27.Rxb1 d4 28.Bf1 Re3 29.Nd3 Qd5
30.Rc1 Nab3 31.Rc2 Qxf3 32.Qxf3 Rxf3 33.Nf4 d3 34.Rb2 Rd8 35.Bg2 Rxf4 36.gxf4 d2  0-1

[Event "GPA Open"]
[Site "Ontario CAN"]
[Date "2002.08.10"]
[Round "6"]
[White "Arencibia,W"]
[Black "Legky,N"]
[Result "1/2-1/2"]
[WhiteElo "2534"]
[BlackElo "2498"]

1.Nf3 d5 2.g3 Nf6 3.Bg2 c6 4.O-O Bf5 5.d3 e6 6.c4 dxc4 7.dxc4 Qxd1 8.Rxd1 Bc2
9.Re1 Bb4 10.Bd2 a5 11.Nc3 Nbd7 12.Rec1 Bg6 13.a3 Bd6 14.b4  1/2-1/2

[Event "11th Open"]
[Site "Kavala GRE"]
[Date "2002.08.11"]
[Round "2"]
[White "Ilic,S"]
[Black "Marjanovic,S"]
[Result "0-1"]
[WhiteElo "2216"]
[BlackElo "2485"]

1.g3 d5 2.Nf3 c5 3.Bg2 Nc6 4.O-O e5 5.d3 Be7 6.Nbd2 g5 7.e4 g4 8.Ne1 d4 9.c3 h5
10.cxd4 cxd4 11.f3 Be6 12.a4 Rc8 13.Nc4 a6 14.f4 f6 15.Bd2 Nh6 16.b3 b5 17.Na3 Qb6
18.Qb1 Bb4 19.Bxb4 Nxb4 20.fxe5 fxe5 21.Rf2 Rc3 22.axb5 axb5 23.Bf1 Nf7 24.Rb2 Ke7
25.Nc4 Qc5 26.Nd2 Ng5 27.Qd1 h4 28.Be2 Nh3+ 29.Kg2 hxg3 30.hxg3 Rf8 31.Nf1 Rxb3
32.Rxb3 Rf2+ 33.Kh1 Rxf1+ 34.Kg2 Rf2+ 35.Kh1 Bxb3 36.Qxb3 Qc3 37.Qd1 Qb2
38.Ng2  0-1

[Event "Ladies"]
[Site "Stockholm SWE"]
[Date "2002.08.11"]
[Round "9"]
[White "Hagesaether,E"]
[Black "De Blecourt,S"]
[Result "1/2-1/2"]
[WhiteElo "2137"]
[BlackElo "2082"]

1.Nf3 d5 2.g3 c5 3.Bg2 Nc6 4.O-O e5 5.d3 Bd6 6.e4 d4 7.a4 Nge7 8.Na3 O-O
9.c3 h6 10.Nd2 Be6 11.Ndc4 Bc7 12.f4 exf4 13.gxf4 f5 14.Kh1 Qd7 15.Nb5 fxe4
16.Nxc7 Qxc7 17.Bxe4 dxc3 18.bxc3 Nd5 19.Qh5 Qf7 20.Qxf7+ Rxf7 21.Bd2 Raf8
22.f5 Nde7 23.Nd6 Rf6 24.Nxb7 Bxf5 25.Bg2 Bxd3 26.Rxf6 Rxf6 27.Nxc5 Bc4 28.Ne4 Re6
29.Re1 Ng6 30.Nc5 Rd6 31.Ne4 Rd8 32.Be3 Nge5 33.Ng3 Rd3 34.Ne4 Bd5 35.Nf2 Bxg2+
36.Kxg2 Rxc3 37.Bxa7 Ra3 38.Bc5 Rxa4 39.Bd6 Ng6 40.Bg3 Kf7 41.Re4 Rxe4 42.Nxe4 Nge5
43.Bxe5 Nxe5 44.Kg3 Ke6 45.Kf4 Ng6+ 46.Kg4 Ke5 47.Nc3 Ne7 48.Kf3 Nf5 49.Kg4 Ne3+
50.Kf3 Nf1 51.h3 Nd2+ 52.Ke3 Nc4+ 53.Kf3 Kf5 54.Kg3 Nd2 55.Ne2 Ne4+ 56.Kf3 Nc5
57.Kg3 g5 58.Kf3 Ne6 59.Ng3+ Kg6 60.Kg4 Ng7 61.h4 h5+ 62.Nxh5 Nxh5 63.hxg5  1/2-1/2

[Event "ADCF Masters"]
[Site "Abu Dhabi UAE"]
[Date "2002.08.12"]
[Round "1"]
[White "Salem,Gh"]
[Black "Gleizerov,E"]
[Result "0-1"]
[WhiteElo "2317"]
[BlackElo "2576"]

1.Nf3 d5 2.g3 g6 3.Bg2 Bg7 4.d4 Nf6 5.O-O O-O 6.c3 c6 7.Nbd2 Bf5 8.b3 Qc8
9.Bb2 Bh3 10.c4 Bxg2 11.Kxg2 Qf5 12.Rc1 Na6 13.Ba3 Rfe8 14.Re1 Ne4 15.e3 Rad8
16.Qc2 e6 17.Red1 Nb8 18.Nxe4 Qxe4 19.Qxe4 dxe4 20.Nd2 f5 21.f3 exf3+ 22.Nxf3 Bh6
23.Kf2 Nd7 24.Bd6 Nf6 25.Bf4 g5 26.Be5 Nd7 27.Bc7 Rc8 28.Bd6 g4 29.Nh4 Nf6
30.Be5 Ne4+ 31.Ke2 Bg7 32.Ng2 Bxe5 33.dxe5 Rcd8 34.Rd4 c5 35.Rxe4 fxe4 36.Nf4 Kf7
37.Nh5 Rg8 38.Nf6 Rg5 39.Rf1 Rf5 40.Rf4 h5 41.Nxe4 Rxf4 42.exf4 b6 43.Nd6+ Kg6
44.Ke3 h4 45.Ke4 hxg3 46.hxg3 Rh8 47.Nb5 Rh3 48.Nxa7 Rxg3 49.Nc6 Rc3 50.Nd8 g3  0-1

[Event "ch-AUT"]
[Site "Oberpullendorf AUT"]
[Date "2002.08.16"]
[Round "7"]
[White "Nickl,K"]
[Black "Waller,H"]
[Result "1/2-1/2"]
[WhiteElo "2212"]
[BlackElo "2168"]

1.Nf3 d5 2.g3 c6 3.Bg2 Bg4 4.d3 Nd7 5.Nbd2 e5 6.c3 Bd6 7.h3 Be6 8.Qc2 f6
9.b4 Ne7 10.Nb3 O-O 11.O-O Rc8 12.Be3 b6 13.Bd2 c5 14.bxc5 Nxc5 15.Nxc5 Bxc5
16.Rad1 Qc7 17.Qb1 Nf5 18.d4 Bd6 19.dxe5 Bxe5 20.Nxe5 fxe5 21.e4 dxe4 22.Bxe4 Qc4
23.Rfe1 Qxa2 24.Qxa2 Bxa2 25.Ra1 Bc4 26.Rxa7 Nd6 27.Bg2 Rfe8 28.Rd7 Nf7 29.Ra1 Red8
30.Rxd8+ Rxd8 31.Be3 b5 32.Bc5 g6 33.Ra7 Kg7 34.h4 h5 35.Be4 Bd5 36.Be7 Bxe4
37.Bxd8 Bd3 38.f3 e4 39.Kf2 exf3 40.Kxf3 Kf8 41.Bf6 Ke8 42.Re7+ Kf8 43.Rd7 Bc4
44.Kf4 Ke8 45.Re7+ Kf8 46.Ra7 Ke8 47.Be7 Bd5 48.Bc5 Bc4 49.Ra8+ Kd7 50.Rg8 Nd8
51.Rg7+ Kc6 52.Rxg6+ Kxc5 53.Rg5+ Kd6 54.Rxh5 Ne6+ 55.Ke3 Ke7 56.Rf5 Ng7
57.Rf2 Be6 58.g4 Bf7 59.h5 Ne8 60.Kf4 Nf6 61.Re2+ Kf8 62.Kg5 Nd5 63.Rc2 Kg7
64.Rc1 Bg8 65.h6+ Kh7 66.c4 bxc4 67.Rxc4 Ne3 68.Rc7+ Kh8 69.Kh5 Nd5 70.Ra7 Nf6+
71.Kh4 Nxg4 72.Kxg4 Bc4 73.Kg5 Bd3 74.h7 Bxh7 75.Kf6 Bg8 76.Ra8 Kh7 77.Rb8 Kh8
78.Rb4 Bh7 79.Rg4 Bg8 80.Kg6 Bh7+ 81.Kh6 Bg8 82.Rh4 Bh7 83.Rh2 Be4 84.Rh3 Bf5
85.Rg3 Bc2 86.Rc3 Bh7 87.Rc7 Bg8 88.Rg7 Bc4 89.Rh7+ Kg8 90.Rc7 Bd5 91.Rd7 Bb3
92.Rd3 Bc4 93.Rd4 Bb3 94.Rf4 Kh8 95.Rf2 Bg8 96.Rh2 Bh7 97.Rg2 Bg8 98.Rg7 Bc4
99.Kg6 Bg8 100.Rc7 Bb3 101.Rc3 Be6 102.Re3 Bc4 103.Rh3+ Kg8 104.Rc3 Ba6 105.Rc7  1/2-1/2

[Event "ch-AUT"]
[Site "Oberpullendorf AUT"]
[Date "2002.08.18"]
[Round "9"]
[White "Stuhlik,M"]
[Black "Genser,H"]
[Result "1/2-1/2"]
[WhiteElo "2244"]
[BlackElo "2248"]

1.g3 d5 2.Nf3 c6 3.Bg2 Nf6 4.d3 Bf5 5.Nbd2 h6 6.b3 e6 7.Bb2 Be7 8.O-O O-O
9.Ne5 Nbd7 10.Nxd7 Nxd7 11.e4 dxe4 12.dxe4 Bh7 13.Qe2 Qc7 14.f4 Rad8 15.Rad1 Rfe8
16.Kh1 Bf6 17.e5 Be7 18.Nc4 Rf8 19.Bc3 Nb6 20.Ba5 Rxd1 21.Rxd1 Rd8 22.Re1 Rd7
23.Qf2 Bd8 24.Nd6 Qb8 25.c4 Nc8 26.Bxd8 Nxd6 27.exd6 Rxd8 28.c5 Rd7 29.g4 Kf8
30.f5 exf5 31.gxf5 f6 32.Re6 Bg8 33.Qg3 Bf7 34.b4 Qd8 35.Bf3 a5 36.a3 axb4
37.axb4 g5 38.Qh3 Kg7 39.Bh5 Qa8 40.Bxf7 Qa1+ 41.Kg2 Qb2+ 42.Kg1 Rxf7 43.Qg4 h5
44.Qxh5 Qb1+ 45.Kg2 Qxf5 46.Re8 Qd5+  1/2-1/2

[Event "Open"]
[Site "Birstonas LIT"]
[Date "2002.08.19"]
[Round "3"]
[White "Kiik,K"]
[Black "Sulskis,G"]
[Result "1/2-1/2"]
[WhiteElo "2450"]
[BlackElo "2247"]

1.Nf3 d5 2.g3 c6 3.Bg2 Bg4 4.c4 e6 5.O-O Nd7 6.cxd5 exd5 7.d3 Ngf6 8.Nc3 Be7
9.h3 Bxf3 10.Bxf3 O-O 11.Bg2 d4 12.Ne4 Nc5 13.Nxf6+ Bxf6 14.b4 Ne6 15.a4 Qd7
16.Qb3 a6 17.Rb1 Nc7 18.Bf4 Rfe8 19.Bxc7 Qxc7 20.Bf3 Re5 21.Kg2 Rae8 22.Rfc1 Qd6
23.Rc5 g6 24.Rbc1 Kg7 25.Qc4 h5 26.b5 cxb5 27.axb5 Rxc5 28.Qxc5 Qxc5 29.Rxc5 Re5
30.Rc7 Rxb5 31.Bxb7 Re5  1/2-1/2

[Event "Botvinnik Mem A"]
[Site "Elista RUS"]
[Date "2002.08.19"]
[Round "3"]
[White "Karasev,V"]
[Black "Bykhovsky,An RUS"]
[Result "1-0"]
[WhiteElo "2465"]
[BlackElo "2378"]

1.Nf3 d5 2.g3 Nf6 3.Bg2 Bf5 4.O-O e6 5.d3 Be7 6.Nh4 Bg4 7.h3 Bh5 8.f4 Nfd7
9.Nf3 Bxf3 10.Bxf3 c6 11.e4 dxe4 12.Bxe4 Nf6 13.Bg2 O-O 14.Nc3 Nbd7 15.g4 Nd5
16.Ne4 Qb6+ 17.Kh1 Ne3 18.Bxe3 Qxe3 19.d4 c5 20.d5 Nf6 21.Nc3 Rad8 22.Qe1 Qxe1
23.Raxe1 Rd7 24.dxe6 fxe6 25.Rxe6 Rfd8 26.Rfe1 Kf8 27.Bf3 Ne8 28.g5 Bd6 29.f5 Bf4
30.h4 Bd2 31.R1e2 Bxc3 32.bxc3 Nc7 33.R6e5 b6 34.Kg2 Nd5 35.Kg3 Nxc3 36.R2e3 Nd5
37.Re1 Nb4 38.Bh5 g6 39.fxg6 Nxc2 40.gxh7 Rxh7 41.Re8+ Rxe8 42.Rxe8+ Kg7
43.Be2  1-0

[Event "Ciuc Premium A1"]
[Site "Miercurea Ciuc ROM"]
[Date "2002.08.19"]
[Round "1"]
[White "Marin,L"]
[Black "Stuermer,M"]
[Result "1-0"]
[WhiteElo "2143"]
[BlackElo "2052"]

1.g3 d5 2.Nf3 c5 3.Bg2 Nc6 4.c4 Nf6 5.cxd5 Nxd5 6.Nc3 Nxc3 7.bxc3 e6 8.O-O Be7
9.Rb1 O-O 10.Qa4 Qc7 11.d4 Bf6 12.Rd1 Bd7 13.Bf4 Qc8 14.Bd6 Ne7 15.Qa3 Re8
16.Bxc5 b6 17.Bd6 Bc6 18.c4 Nf5 19.Bf4 Rd8 20.d5 exd5 21.cxd5 Rxd5 22.Rxd5 Bxd5
23.Qd3 Qe6 24.Ng5  1-0

[Event "13th Summer Open"]
[Site "Recklinghausen GER"]
[Date "2002.08.19"]
[Round "2"]
[White "Hausrath,D"]
[Black "Reinhold,K"]
[Result "1-0"]
[WhiteElo "2479"]
[BlackElo "2161"]

1.Nf3 d5 2.g3 Nf6 3.Bg2 Bg4 4.c4 c6 5.Ne5 Bf5 6.cxd5 cxd5 7.Nc3 Nc6 8.d4 e6
9.Nxc6 bxc6 10.O-O Be7 11.Na4 O-O 12.b3 Rc8 13.Bb2 Nd7 14.Rc1 f6 15.e3 e5
16.Qe2 e4 17.f3 Kh8 18.fxe4 Bxe4 19.Bxe4 dxe4 20.Qg4 f5 21.Rxf5 Nf6 22.Qh4 Nd5
23.Qxe4 Rxf5 24.Qxf5 Nxe3 25.Qe6 Nd5 26.Rxc6 Rxc6 27.Qxc6 Bg5 28.Nc5 Be3+
29.Kg2 Qf8 30.Qxd5 Qf2+ 31.Kh3 Qf1+ 32.Qg2 Qf5+ 33.g4  1-0

[Event "XIV Open"]
[Site "Porto San Giorgio ITA"]
[Date "2002.08.20"]
[Round "1"]
[White "Cucinella,V"]
[Black "Campora,D"]
[Result "0-1"]
[WhiteElo "2130"]
[BlackElo "2544"]

1.Nf3 d5 2.g3 Bg4 3.Bg2 Nd7 4.d3 c6 5.Nbd2 e5 6.e4 Bd6 7.O-O Ne7 8.c3 O-O
9.h3 Bh5 10.g4 Bg6 11.Qe2 f6 12.Rd1 Bf7 13.Nf1 Qc7 14.Ng3 Kh8 15.Nh4 g6 16.Bh6 Rfe8
17.Be3 Rad8 18.Kh1 c5 19.g5 d4 20.Bd2 Ng8 21.c4 Nf8 22.Nf3 Ne6 23.h4 Nf4
24.Qf1 Be6 25.gxf6 Nxf6 26.Bxf4 exf4 27.Ne2 Ng4 28.Neg1 Be7 29.Bh3 Qc8 30.Rd2 Rg8
31.Ng5 Bxg5 32.hxg5 Ne5 33.f3 Rgf8 34.Bxe6 Qxe6 35.b3 a6 36.Rh2 Rf7 37.Rd1 b5
38.Rh4 bxc4 39.bxc4 Rb8 40.Qg2 Qb6 41.Qh3 Kg8 42.Ne2 Nxd3 43.Qf1 Nb2 44.Rb1 Qd6
45.Qc1 Nd3 46.Rxb8+ Qxb8 47.Qd2 Ne5  0-1

[Event "13th Summer Open"]
[Site "Recklinghausen GER"]
[Date "2002.08.20"]
[Round "4"]
[White "Hausrath,D"]
[Black "Michalczak,T"]
[Result "1-0"]
[WhiteElo "2479"]
[BlackElo "2274"]

1.Nf3 d5 2.g3 Nf6 3.Bg2 e6 4.d4 Be7 5.c4 O-O 6.Qc2 c5 7.dxc5 dxc4 8.Qxc4 Qd5
9.Qxd5 Nxd5 10.Bd2 Nc6 11.Nc3 Nxc3 12.Bxc3 Bxc5 13.Rc1 Rd8 14.Bxg7 Bxf2+
15.Kxf2 Kxg7 16.Rhd1 Bd7 17.Nd4 Nxd4 18.Rxd4 Bc6 19.Rg4+ Kf6 20.Bxc6 Rac8
21.Rgc4 Rxc6 22.Rxc6 bxc6 23.Rxc6 Rd2 24.Ra6 Rxb2 25.Rxa7 h5 26.a4 Ra2 27.a5 Kg6
28.a6 f6 29.Ra8 e5 30.Kf3 Kg7 31.Ke3 Kf7 32.Kd3 Kg6 33.e4 Ra4 34.Kc3 Kg7
35.Kb3 Ra1 36.Kb4 Kg6 37.Kb5 Rb1+ 38.Kc6 Rc1+ 39.Kb7 Rb1+ 40.Ka7 Rb4 41.Rg8+ Kf7
42.Rb8 Rxe4 43.Rb6 Ra4 44.Kb7 Kg6 45.a7 Rxa7+ 46.Kxa7 Kg5 47.Rb4 f5 48.h4+  1-0

[Event "13th Summer Open"]
[Site "Recklinghausen GER"]
[Date "2002.08.21"]
[Round "5"]
[White "Schebler,G"]
[Black "Goessling,G"]
[Result "1-0"]
[WhiteElo "2500"]
[BlackElo "2200"]

1.Nf3 d5 2.g3 c6 3.Bg2 Bg4 4.c4 e6 5.cxd5 exd5 6.Qb3 Qb6 7.Qc2 Nf6 8.O-O Bd6
9.d3 Nbd7 10.e4 O-O 11.Nc3 Rfe8 12.Be3 Qd8 13.h3 Bh5 14.Rae1 Bb4 15.Nh4 dxe4
16.dxe4 Nc5 17.f3 Qd3 18.Qf2 Qc4 19.Rd1 Nd3 20.Qc2 Nxb2 21.Qxb2 Qxc3 22.Qf2 Rad8
23.g4 Bg6 24.Kh1 Nd7 25.Nxg6 hxg6 26.Bd2 Qc5 27.Bxb4 Qxb4 28.Rb1 Qd6 29.Rxb7 Nc5
30.Rxa7 Nd3 31.Qd2 g5 32.Qxg5 Qg3 33.Qe3 c5 34.Ra3 c4 35.Rc3 Re6 36.Qd2 Rh6
37.f4  1-0

[Event "Saraybahce GP"]
[Site "Kocaeli TUR"]
[Date "2002.08.22"]
[Round "6"]
[White "Chatalbashev,B"]
[Black "Atakisi,U"]
[Result "1-0"]
[WhiteElo "2530"]
[BlackElo "2361"]

1.Nf3 d5 2.g3 Nf6 3.Bg2 g6 4.c4 Bg7 5.cxd5 Nxd5 6.O-O O-O 7.Nc3 Nb6 8.d3 Nc6
9.Be3 e5 10.Qc1 Nd4 11.Bh6 Re8 12.Bxg7 Kxg7 13.Nd2 h5 14.b4 h4 15.Re1 hxg3
16.hxg3 Rh8 17.e3 Nc6 18.Qb2 Qxd3 19.Nce4 Nc4 20.Nxc4 Qxc4 21.b5 Qb4 22.Qxb4 Nxb4
23.Rec1 c6 24.Rab1 Nd5 25.bxc6 bxc6 26.Rxc6 Bf5 27.Rb7 Rab8 28.Nd6 Rxb7 29.Nxb7 Nb4
30.Rc4 Nxa2 31.Bd5 Rc8 32.Nc5 Rb8 33.g4 Bc8 34.g5 Nb4 35.Bb7 Nd3 36.Bxc8 Rxc8
37.Ne6+ fxe6 38.Rxc8 e4 39.Rc7+ Kf8 40.Kg2 Ne1+ 41.Kg3 Nf3 42.Kf4  1-0

[Event "XIV Open"]
[Site "Porto San Giorgio ITA"]
[Date "2002.08.22"]
[Round "3"]
[White "Sbraccia,G"]
[Black "Zaja,I"]
[Result "0-1"]
[WhiteElo "2130"]
[BlackElo "2459"]

1.Nf3 d5 2.g3 g6 3.Bg2 Bg7 4.d3 e6 5.O-O Ne7 6.Nbd2 c5 7.e4 Nbc6 8.Re1 O-O
9.exd5 exd5 10.c3 h6 11.Nb3 b6 12.d4 c4 13.Nbd2 Bg4 14.Nf1 Qd7 15.Bd2 b5
16.Ne3 Bh3 17.Bxh3 Qxh3 18.Re2 Qd7 19.Qf1 a5 20.Rae1 b4 21.h3 Nf5 22.Ng4 f6
23.Ngh2 Nd6 24.Kg2 Kh7 25.Ng1 Rf7 26.Ng4 a4 27.Ne3 Nb5 28.Nd1 a3 29.bxa3 bxc3
30.Bxc3 Ncxd4 31.Rd2 f5 32.f3 Rxa3 33.Bb4 Ra4 34.Bc5 c3 35.Rd3 Rxa2+ 36.Kh1 Nb3
37.Rxd5 Qxd5 38.Qxb5 Nd4 39.Nxc3 Nxf3 40.Nge2 Bxc3  0-1

[Event "13th Summer Open"]
[Site "Recklinghausen GER"]
[Date "2002.08.22"]
[Round "6"]
[White "Mainka,G"]
[Black "Trzaska,P"]
[Result "1-0"]
[WhiteElo "2319"]
[BlackElo "2198"]

1.Nf3 d5 2.g3 Nf6 3.Bg2 c6 4.O-O Bf5 5.c4 e6 6.cxd5 exd5 7.d3 h6 8.Nc3 Be7
9.Nd4 Bg4 10.h3 Bc8 11.e4 O-O 12.Kh2 c5 13.Nb3 Nc6 14.exd5 Nb4 15.Be3 Nbxd5
16.Nxd5 Nxd5 17.Bxc5 Bxc5 18.Nxc5 b6 19.Qb3 Be6 20.Nxe6 fxe6 21.Rae1 Rf6
22.Rxe6  1-0

[Event "11th Open"]
[Site "Apolda GER"]
[Date "2002.08.23"]
[Round "2"]
[White "Siegl,D"]
[Black "Sobolevsky,L"]
[Result "0-1"]
[WhiteElo "2037"]
[BlackElo "2395"]

1.Nf3 d5 2.g3 Nc6 3.Bg2 e5 4.d3 f6 5.O-O Be6 6.Nbd2 Qd7 7.c4 d4 8.Re1 Bh3
9.Bh1 h5 10.Nh4 Bb4 11.a3 Bxd2 12.Bxd2 g5 13.Ng2 h4 14.e3 hxg3 15.fxg3 Bg4
16.Qa4 O-O-O 17.exd4 Qh7 18.Nh4 gxh4 19.Bxc6 bxc6 20.Qxc6 Ne7 21.Qa6+ Kb8  0-1

[Event "Botvinnik Mem A"]
[Site "Elista RUS"]
[Date "2002.08.23"]
[Round "6"]
[White "Karasev,V"]
[Black "Zhukhovitsky,S"]
[Result "1-0"]
[WhiteElo "2465"]
[BlackElo "2346"]

1.Nf3 d5 2.g3 Nf6 3.Bg2 c6 4.O-O Bg4 5.h3 Bh5 6.d3 Nbd7 7.Qe1 e6 8.e4 Bxf3
9.Bxf3 Bc5 10.b4 Bb6 11.Bb2 O-O 12.c4 a5 13.e5 Ne8 14.c5 Bc7 15.a3 Qb8 16.d4 b6
17.Qe2 axb4 18.axb4 bxc5 19.Rxa8 Qxa8 20.dxc5 Qb8 21.b5 cxb5 22.Re1 Nxc5
23.Na3 b4 24.Nb5 Na4 25.Bd4 Bb6 26.Ba1 Nc7 27.Nd6 Bc5 28.Rb1 Qb6 29.Qc2 Ra8
30.Kg2 g6 31.h4 Nb5 32.Nxb5 Qxb5 33.h5 Bf8 34.hxg6 hxg6 35.Bd4 Nb6 36.Qd2 Nc4
37.Qg5 b3 38.Be2 Ra2 39.Bd3 Ra6 40.Rh1 Qb8 41.Qh4  1-0

[Event "13th Summer Open"]
[Site "Recklinghausen GER"]
[Date "2002.08.23"]
[Round "7"]
[White "Konietzka,L"]
[Black "Kartsev,S"]
[Result "0-1"]
[WhiteElo "2130"]
[BlackElo "2203"]

1.Nf3 d5 2.g3 g6 3.Bg2 Bg7 4.c4 c6 5.cxd5 cxd5 6.d4 Nc6 7.Nc3 Nf6 8.Ne5 O-O
9.Nxc6 bxc6 10.O-O Bf5 11.Bf4 Nh5 12.Be3 Rb8 13.Na4 Qd7 14.Nc5 Qc8 15.Qd2 Bh3
16.Rac1 Bxg2 17.Kxg2 e5 18.dxe5 Bxe5 19.Nd3 Bg7 20.Bxa7 Ra8 21.Bc5 Re8 22.Ba3 Qe6
23.e3 d4 24.exd4 Bxd4 25.Rfe1 Qd5+ 26.Kg1 Qf3 27.Rxe8+ Rxe8 28.Re1 Rd8 29.Ne5 Qd5
30.Ng4 c5 31.b3 Qf3 32.Ne3 Nf6 33.Qe2 Qa8 34.Bc1 Ne4 35.Qg4 f5 36.Qf3 Qxa2
37.Rf1 Qxb3 38.Ng4 Qxf3  0-1

[Event "Saraybahce Blitz Exhib"]
[Site "Kocaeli TUR"]
[Date "2002.08.24"]
[Round "1"]
[White "Arduman,C"]
[Black "Ivanchuk,V"]
[Result "1-0"]
[WhiteElo "2358"]
[BlackElo "2711"]

1.Nf3 d5 2.g3 c5 3.Bg2 Nc6 4.c4 d4 5.d3 e5 6.O-O Be7 7.b4 cxb4 8.a3 b3 9.Qxb3 Nf6
10.e3 Nd7 11.exd4 exd4 12.Nbd2 Nc5 13.Qc2 Bf5 14.Ne1 O-O 15.Nb3 Ne6 16.Nf3 a5
17.Rb1 a4 18.Nbd2 Nc5 19.Ne4 Bxe4 20.dxe4 d3 21.Qc3 Nxe4 22.Qe1 Nc5 23.Be3 Nb3
24.Nd2 Nca5 25.Nxb3 axb3 26.Qc3 Bf6 27.Qb4 Bd4 28.Bf4 Re8 29.Rbd1 b2 30.Bd5 Re2
31.Rxd3 Rxf2 32.Rxd4 Nc6 33.Kxf2 Nxb4 34.Bxf7+ Kxf7 35.Rxd8 Rxd8 36.axb4 Rd4
37.Rb1 Rxc4 38.Rxb2 b5 39.Ke3 Ke6 40.Kd3 h5 41.Be3 h4 42.Bc5 hxg3 43.hxg3 Rg4
44.Rg2 Kd5 45.Ke3 Kc4 46.Kf3 Rg6 47.Rd2 Rf6+ 48.Kg2 Rf5 49.Rd4+ Kb3 50.Rf4 Rd5
51.Kh3  1-0

[Event "Open"]
[Site "Nikea GRE"]
[Date "2002.08.25"]
[Round "7"]
[White "Goumas,I"]
[Black "Vasiliou,K"]
[Result "1-0"]
[WhiteElo "2195"]
[BlackElo "2072"]

1.Nf3 d5 2.g3 Nf6 3.Bg2 e6 4.O-O Be7 5.d3 c5 6.Nbd2 Nc6 7.e4 e5 8.exd5 Nxd5
9.Nc4 f6 10.a4 O-O 11.Re1 Be6 12.Nfd2 Qd7 13.a5 Rad8 14.Ne4 Ndb4 15.Bd2 f5
16.Bxb4 fxe4 17.Bc3 exd3 18.cxd3 Bxc4 19.dxc4 Qf5 20.Bd5+ Kh8 21.Qe2 Nd4
22.Bxd4 cxd4 23.Be4 Qf7 24.Bd3 Bc5 25.Qc2 Rde8 26.Re4 g6 27.a6 bxa6 28.Rae1 Re6
29.f4 Rfe8 30.fxe5 Qg7 31.Qa4 Rxe5 32.Qxe8+ Rxe8 33.Rxe8+ Bf8 34.Rf1  1-0

[Event "13th Summer Open"]
[Site "Recklinghausen GER"]
[Date "2002.08.25"]
[Round "9"]
[White "Lamb,H"]
[Black "Orth,R"]
[Result "1-0"]
[WhiteElo "2170"]
[BlackElo "2073"]

1.Nf3 d5 2.g3 Nf6 3.Bg2 Nc6 4.d4 h6 5.b3 Bf5 6.Ba3 g5 7.e3 Bg7 8.Nbd2 b5
9.Rc1 b4 10.Bb2 a5 11.Qe2 Ne4 12.O-O Qd6 13.c4 bxc3 14.Bxc3 Nxc3 15.Rxc3 Nb4
16.a3 Nc2 17.Qb5+ c6 18.Qxc6+ Qxc6 19.Rxc6 Nxa3 20.Rc5 a4 21.bxa4 Rxa4 22.Rxd5 Bd3
23.Rc1 O-O 24.Ne5 Bh7 25.Be4 f5 26.Bd3 Rfa8 27.Rc7 Bf6 28.Nd7 R4a7 29.Nxf6+ exf6
30.Rxa7 Rxa7 31.Bxf5 Bxf5 32.Rxf5 Nc2 33.Rxf6 Ra1+ 34.Kg2 Ne1+ 35.Kh3 Kg7
36.Rb6 Ra2 37.Ne4 Nf3 38.Kg4 Nxh2+ 39.Kh5 g4 40.Rb7+ Kf8 41.Kxh6 Ra5 42.Kg6 Ke8
43.Rh7 Nf3 44.Rh5 Ra6+ 45.Kf5 Ra4 46.Rh1 Nxd4+ 47.exd4 Rxd4 48.Nf6+  1-0

[Event "VI BCX"]
[Site "Brasilia BRA"]
[Date "2002.08.26"]
[Round "2"]
[White "Valle,A"]
[Black "Caldeira,A"]
[Result "1-0"]
[WhiteElo "2231"]
[BlackElo "2334"]

1.Nf3 d5 2.g3 Nf6 3.Bg2 Nbd7 4.d4 e6 5.c4 c6 6.Nbd2 Be7 7.O-O O-O 8.Qc2 b6
9.e4 dxe4 10.Nxe4 Nxe4 11.Qxe4 Bb7 12.Rd1 Qc8 13.Bf4 c5 14.d5 Re8 15.Bh3 exd5
16.cxd5 Bf6 17.Qa4 Rd8 18.Ne5 Bxe5 19.Bxe5 a6 20.Bc3 Qc7 21.Qg4 Ne5 22.Qf4 Re8
23.Bg2 Qd6 24.Re1 f6 25.h4 Rad8 26.Rad1 Nf7 27.Qf5 Bc8 28.Qh5 g6 29.Qf3 Ne5
30.Qf4 Kg7 31.h5 g5 32.Qe4 Bd7 33.f4 Nf7 34.Qf3 g4 35.Qd3 Bb5 36.Qf5 Nh6
37.Qg5+  1-0

[Event "ch-RUS"]
[Site "Krasnodar RUS"]
[Date "2002.08.27"]
[Round "1"]
[White "Rustemov,A"]
[Black "Makarov,M"]
[Result "1/2-1/2"]
[WhiteElo "2589"]
[BlackElo "2512"]

1.Nf3 d5 2.g3 Nf6 3.Bg2 g6 4.d4 c6 5.O-O Bg7 6.c4 O-O 7.b3 Bf5 8.Bb2 Nbd7
9.Nc3 Ne4 10.Rc1 a5 11.e3 Nxc3 12.Bxc3 Be4 13.Qe2 a4 14.b4 dxc4 15.Qxc4 Nb6
16.Qe2 a3 17.Rfd1 Na4 18.Ne1 Bxg2 19.Nxg2 Qd6 20.Nf4 Rfd8 21.Nd3 Nxc3 22.Rxc3 e5
23.dxe5 Bxe5 24.Rcc1 Bb2 25.Nc5 Qe7 26.Rxd8+  1/2-1/2